| 000 | 00928nam a2200193 a 4500 | ||
|---|---|---|---|
| 003 | AM-YEHGA | ||
| 005 | 20260403152023.0 | ||
| 008 | 180313s1922 ru ||||| |||| 000|0|rus|| | ||
| 040 | _aAM-YEHGA | ||
| 041 | 0 | _arus | |
| 100 | 1 | _aМельгунов, Сергей Петрович | |
| 245 | 1 | 0 |
_aРелигиозно-общественные движения XVII-XVIII вв. в России / _cС. П. Мельгунов |
| 260 |
_aМосква : _bЗадруга, _c1922. |
||
| 300 |
_a196 с. : _c17 см. |
||
| 500 | _aИз предисл.: "Очерки эти были напечатаны в I и II т.т. "Книги для чтения по истории нового времени, выходившей в 1910-1911 гг. в сер. Историч. Комис. Учеб. отд. О.Р.Т.Зн." | ||
| 650 | 1 | 4 | _aРелигиозно-общественные движения |
| 942 |
_2udc _cBK |
||
| 001 | 1324843 | ||
| 999 |
_c541991 _d541991 |
||